|
|
|
|
| LEADER |
00809nab a2200241 i 4500 |
| 001 |
misc65024 |
| 005 |
20240916154816.0 |
| 008 |
240220s1952 hu o 000 ger d |
| 040 |
|
|
|a SZTE Miscellanea Repozitórium
|b hun
|
| 041 |
|
|
|a ger
|
| 041 |
|
|
|a tur
|
| 100 |
1 |
|
|a Tietze Andreas
|
| 245 |
1 |
4 |
|a Die Formalen Veränderungen an neueren europäischen Lehnwörtern im Türkischen
|h [elektronikus dokumentum] /
|c Tietze Andreas
|
| 260 |
|
|
|a Brill
|b Leiden
|c 1952
|
| 300 |
|
|
|a 230-268
|c 25 cm
|
| 300 |
|
|
|a [39] p.
|c 25 cm
|
| 490 |
0 |
|
|a Oriens
|
| 561 |
|
|
|a Németh Gyula hagyaték
|
| 591 |
|
|
|a NOA 6067
|
| 650 |
|
4 |
|a Bölcsészettudományok
|
| 650 |
|
4 |
|a Nyelvek és irodalom
|
| 695 |
|
|
|a Török nyelv - európai jövevényszavak
|
| 856 |
4 |
0 |
|u http://misc.bibl.u-szeged.hu/65024/1/6067_noa.pdf
|z Dokumentum-elérés
|